[Event "HUN-ch U16/18"]
[Site "Buek"]
[Date "2023.06.25"]
[Round "8"]
[White "Farkas, Otto Jr"]
[Black "Pasztor, Balazs"]
[Result "0-1"]
[WhiteElo "2051"]
[BlackElo "2393"]
[PlyCount "120"]
[EventDate "2023.06.17"]
[EventType "swiss"]
[EventRounds "9"]
[EventCountry "HUN"]
[SourceTitle "CBM 215 Extra"]
[Source "ChessBase"]
[SourceDate "2023.09.30"]
[SourceVersion "1"]
[SourceVersionDate "2023.09.30"]
[SourceQuality "1"]

1. e4 e5 2. Nf3 Nc6 3. d4 exd4 4. Nxd4 Nf6 5. Nxc6 bxc6 6. e5 Qe7 7. Qe2 Nd5 8. h4 f6 9. c4 Ba6 10. Rh3 Nb6 11. exf6 Qxe2+ 12. Bxe2 Bxc4 13. Re3+ Kd8 14. fxg7 Bxg7 15. Nc3 Kc8 16. Re4 Bxe2 17. Nxe2 Kb7 18. Re7 Bf6 19. Rf7 Bxh4 20. g3 Bd8 21. Bh6 Re8 22. Rxh7 Bf6 23. Rb1 Rh8 24. Rxh8 Rxh8 25. Bc1 Rh1+ 26. Kd2 Nc4+ 27. Kc2 Rh2 28. b3 Ne5 29. Be3 Ng4 30. Rf1 Nxe3+ 31. fxe3 Rxe2+ 32. Kd3 Rg2 33. Rxf6 Rxg3 34. Rf4 a5 35. a4 c5 36. Rh4 d6 37. Rf4 Rh3 38. Rg4 Rh8 39. Rf4 Kc6 40. Rf7 Rb8 41. Kc3 Rb4 42. Rh7 d5 43. Rh6+ Kb7 44. Re6 c4 45. bxc4 Rxc4+ 46. Kb3 Rb4+ 47. Ka3 c6 48. Re7+ Kb6 49. Re8 Kb7 50. Re7+ Kb6 51. Re8 Kc5 52. Ra8 Re4 53. Rxa5+ Kc4 54. Ra6 Rxe3+ 55. Kb2 c5 56. Rb6 Re2+ 57. Kb1 Re1+ 58. Kb2 d4 59. a5 d3 60. Rd6 Re2+ 0-1

[Event "HUN-ch U16/18"]
[Site "Buek"]
[Date "2023.06.23"]
[Round "6"]
[White "Borhy, Marcell Boldizsar"]
[Black "Farkas, Otto Jr"]
[Result "0-1"]
[WhiteElo "2403"]
[BlackElo "2051"]
[PlyCount "50"]
[EventDate "2023.06.17"]
[EventType "swiss"]
[EventRounds "9"]
[EventCountry "HUN"]
[SourceTitle "CBM 215 Extra"]
[Source "ChessBase"]
[SourceDate "2023.09.30"]
[SourceVersion "1"]
[SourceVersionDate "2023.09.30"]
[SourceQuality "1"]

1. c4 e5 2. g3 Nf6 3. Bg2 Nc6 4. Nf3 Bc5 5. 0-0 0-0 6. Nc3 Re8 7. e3 Bb4 8. d4 Bxc3 9. bxc3 e4 10. Nd2 d5 11. cxd5 Qxd5 12. Qc2 Bf5 13. Rb1 Rab8 14. h3 h5 15. c4 Qd7 16. d5 Ne5 17. h4 Nf3+ 18. Kh1 Bh3 19. Bb2 Bxg2+ 20. Kxg2 Nxh4+ 21. Kh2 Ng4+ 22. Kg1 Nf3+ 23. Kg2 Qf5 24. Qc3 f6 25. Nb3 Nh4+ 0-1

[Event "HUN-ch U16/18"]
[Site "Buek"]
[Date "2023.06.20"]
[Round "2"]
[White "Farkas, Otto Jr"]
[Black "Juhasz, Agoston Botond"]
[Result "0-1"]
[WhiteElo "2051"]
[BlackElo "2265"]
[PlyCount "56"]
[EventDate "2023.06.17"]
[EventType "swiss"]
[EventRounds "9"]
[EventCountry "HUN"]
[SourceTitle "CBM 215 Extra"]
[Source "ChessBase"]
[SourceDate "2023.09.30"]
[SourceVersion "1"]
[SourceVersionDate "2023.09.30"]
[SourceQuality "1"]

1. Nf3 d5 2. b3 Bg4 3. g3 Bxf3 4. exf3 e6 5. Bg2 Be7 6. Bb2 Bf6 7. Nc3 Ne7 8. 0-0 c5 9. Qc1 Nf5 10. Ne2 Nc6 11. Rd1 0-0 12. Bh3 Nfd4 13. Nxd4 Nxd4 14. Kg2 Ne2 15. Qb1 Bxb2 16. Qxb2 Qg5 17. Bg4 h5 18. h4 Qg6 19. Bh3 d4 20. Re1 d3 21. Qe5 Nd4 22. Re4 dxc2 23. Rc1 b6 24. b4 Nc6 25. Qd6 Nxb4 26. a3 Rfd8 27. Qc7 Nd5 28. Qe5 Nf6 0-1

[Event "HUN-chT U18"]
[Site "Budapest"]
[Date "2022.11.03"]
[Round "7.4"]
[White "Farkas, Otto Jr"]
[Black "Palczert, Hajnalka"]
[Result "1-0"]
[WhiteElo "1938"]
[BlackElo "1516"]
[PlyCount "101"]
[EventDate "2022.10.31"]
[EventType "team-swiss"]
[EventRounds "7"]
[EventCountry "HUN"]
[SourceTitle "CBM 211 Extra"]
[Source "ChessBase"]
[SourceDate "2023.01.31"]
[SourceVersion "1"]
[SourceVersionDate "2023.01.31"]
[SourceQuality "1"]
[WhiteTeam "Biatorbagy"]
[BlackTeam "Barcza GSC"]
[WhiteTeamCountry "HUN"]
[BlackTeamCountry "HUN"]

1. e4 c5 2. Nf3 Nc6 3. d4 cxd4 4. Nxd4 g6 5. c4 Bg7 6. Be3 Nf6 7. Nc3 0-0 8. Be2 d6 9. 0-0 Bd7 10. Qd2 Nxd4 11. Bxd4 Bc6 12. f3 a5 13. b3 Qc7 14. Rab1 Rfc8 15. Rfc1 Nd7 16. Be3 Nc5 17. Bf1 b6 18. Bf2 Qa7 19. Nd5 Bxd5 20. exd5 Rc7 21. Re1 Bf6 22. g4 Re8 23. a3 Nd7 24. f4 Qb8 25. g5 Bg7 26. h4 Rb7 27. Kg2 Nc5 28. h5 Qc8 29. hxg6 hxg6 30. b4 axb4 31. axb4 Qg4+ 32. Bg3 Nd7 33. Be2 Qf5 34. Bd3 Qg4 35. Re2 Nf8 36. Rh1 Qc8 37. Qc2 Ra7 38. f5 Ra1 39. Rxa1 Bxa1 40. fxg6 Qg4 41. gxf7+ Kxf7 42. Re4 Qxg5 43. Rf4+ Bf6 44. Qe2 Rd8 45. Rg4 Qh6 46. Bf4 Qh8 47. Qf2 Rb8 48. Bg5 Nd7 49. Bg6+ Kf8 50. Rh4 Qg8 51. Bh6+ 1-0

[Event "HUN-chT U18"]
[Site "Budapest"]
[Date "2022.11.01"]
[Round "3.4"]
[White "Panda, Barnabas"]
[Black "Farkas, Otto Jr"]
[Result "0-1"]
[WhiteElo "1690"]
[BlackElo "1938"]
[PlyCount "38"]
[EventDate "2022.10.31"]
[EventType "team-swiss"]
[EventRounds "7"]
[EventCountry "HUN"]
[SourceTitle "CBM 211 Extra"]
[Source "ChessBase"]
[SourceDate "2023.01.31"]
[SourceVersion "1"]
[SourceVersionDate "2023.01.31"]
[SourceQuality "1"]
[WhiteTeam "TFSE"]
[BlackTeam "Biatorbagy"]
[WhiteTeamCountry "HUN"]
[BlackTeamCountry "HUN"]

1. d4 d5 2. c4 e5 3. dxe5 d4 4. Nf3 Nc6 5. a3 Nge7 6. b4 Ng6 7. Bb2 a5 8. b5 Ncxe5 9. Nbd2 Bg4 10. Rc1 Qe7 11. Nxe5 Nxe5 12. Nb3 Bf5 13. e4 dxe3 14. fxe3 Rd8 15. Nd4 Qh4+ 16. g3 Qe4 17. Rg1 Qxe3+ 18. Qe2 Nd3+ 19. Kd1 Nxb2+ 0-1

[Event "HUN-chT U18"]
[Site "Budapest"]
[Date "2022.10.31"]
[Round "1.4"]
[White "Nagy, Antal"]
[Black "Farkas, Otto Jr"]
[Result "0-1"]
[WhiteElo "1375"]
[BlackElo "1938"]
[PlyCount "86"]
[EventDate "2022.10.31"]
[EventType "team-swiss"]
[EventRounds "7"]
[EventCountry "HUN"]
[SourceTitle "CBM 211 Extra"]
[Source "ChessBase"]
[SourceDate "2023.01.31"]
[SourceVersion "1"]
[SourceVersionDate "2023.01.31"]
[SourceQuality "1"]
[WhiteTeam "TFSE II"]
[BlackTeam "Biatorbagy"]
[WhiteTeamCountry "HUN"]
[BlackTeamCountry "HUN"]

1. e4 Nf6 2. e5 Nd5 3. c4 Nb6 4. Nc3 d6 5. exd6 cxd6 6. d4 g6 7. Be3 Bg7 8. b3 0-0 9. Nge2 Bf5 10. g3 d5 11. c5 Nc8 12. Bg2 e6 13. 0-0 Nc6 14. a3 N8e7 15. Rc1 Qd7 16. Qd2 Rfd8 17. Rfd1 h5 18. h4 Bg4 19. f3 Bf5 20. Qb2 Qc7 21. Kh2 Rd7 22. b4 Bf6 23. f4 Bg4 24. Bh3 Nf5 25. Qd2 Qd8 26. Bf2 Bxh3 27. Kxh3 Nce7 28. Ng1 Nh6 29. Nf3 Nef5 30. Ne2 Ng4 31. Bg1 b6 32. c6 Rc7 33. b5 a6 34. a4 axb5 35. axb5 Ra3 36. Rc3 Ra5 37. Qb2 Qa8 38. Rdd3 Be7 39. Rc2 Nd6 40. Nc3 Nc4 41. Qc1 Bb4 42. Ne5 Bxc3 43. Rdxc3 Ra1 0-1

[Event "Budapest Rakosmente op 19th"]
[Site "Budapest"]
[Date "2021.07.04"]
[Round "5"]
[White "Balint, Bence Daniel"]
[Black "Farkas, Otto Jr"]
[Result "0-1"]
[WhiteElo "1831"]
[BlackElo "1986"]
[PlyCount "68"]
[EventDate "2021.07.01"]
[EventType "swiss"]
[EventRounds "6"]
[EventCountry "HUN"]
[SourceTitle "CBM 203 Extra"]
[Source "ChessBase"]
[SourceDate "2021.09.30"]
[SourceVersion "1"]
[SourceVersionDate "2021.09.30"]
[SourceQuality "1"]

1. d4 d5 2. c4 dxc4 3. e4 Nf6 4. e5 Nd5 5. Bxc4 Nc6 6. Ne2 Bf5 7. 0-0 e6 8. Nbc3 Nb6 9. Bb3 Be7 10. Be3 Qd7 11. a4 a5 12. Rc1 0-0 13. Ng3 Bg6 14. Nb5 Rac8 15. Qg4 Nb4 16. h4 Kh8 17. Rfd1 h6 18. h5 Bh7 19. Ne4 N6d5 20. Nc5 Bxc5 21. Rxc5 b6 22. Rcc1 Nd3 23. Rb1 N5b4 24. Bc4 f5 25. exf6 Rxf6 26. d5 Ne5 27. dxe6 Qe8 28. Qg3 Nxc4 29. Rd7 Qg8 30. Bd4 Bxb1 31. e7 Rf7 32. Nxc7 Bf5 33. e8Q Rxe8 34. Rxf7 Re1+ 0-1

[Event "Budapest Rakosmente op 19th"]
[Site "Budapest"]
[Date "2021.07.02"]
[Round "2"]
[White "Farkas, Otto Jr"]
[Black "La Barbera, Manfredi"]
[Result "1-0"]
[WhiteElo "1986"]
[BlackElo "1667"]
[PlyCount "57"]
[EventDate "2021.07.01"]
[EventType "swiss"]
[EventRounds "6"]
[EventCountry "HUN"]
[SourceTitle "CBM 203 Extra"]
[Source "ChessBase"]
[SourceDate "2021.09.30"]
[SourceVersion "1"]
[SourceVersionDate "2021.09.30"]
[SourceQuality "1"]

1. e4 e6 2. d4 d5 3. Nc3 Nf6 4. Bg5 Be7 5. e5 Nfd7 6. Bxe7 Qxe7 7. Qd2 a6 8. Nd1 c5 9. c3 Nc6 10. f4 0-0 11. Nf3 b5 12. Bd3 f6 13. 0-0 Bb7 14. Nf2 fxe5 15. fxe5 Rac8 16. Rad1 cxd4 17. cxd4 Nb6 18. b3 Qb4 19. Qg5 Qe7 20. Qg4 g6 21. Bb1 Rc7 22. Nd3 Bc8 23. Nf4 Qg7 24. Ng5 Nb8 25. Rd3 Qe7 26. Rdf3 Qe8 27. h4 Rg7 28. h5 Rf5 29. h6 1-0

[Event "Budapest Rakosmente op 19th"]
[Site "Budapest"]
[Date "2021.07.01"]
[Round "1"]
[White "Farkas, Imre"]
[Black "Farkas, Otto Jr"]
[Result "0-1"]
[WhiteElo "1426"]
[BlackElo "1986"]
[PlyCount "48"]
[EventDate "2021.07.01"]
[EventType "swiss"]
[EventRounds "6"]
[EventCountry "HUN"]
[SourceTitle "CBM 203 Extra"]
[Source "ChessBase"]
[SourceDate "2021.09.30"]
[SourceVersion "1"]
[SourceVersionDate "2021.09.30"]
[SourceQuality "1"]

1. d4 d5 2. c4 dxc4 3. Nc3 Nf6 4. e4 e5 5. Bxc4 exd4 6. Nd5 c6 7. Nxf6+ Qxf6 8. Nf3 Bb4+ 9. Bd2 Bxd2+ 10. Qxd2 c5 11. e5 Qe7 12. 0-0 0-0 13. Rfe1 Nc6 14. a3 h6 15. h3 Be6 16. b3 Bxc4 17. bxc4 Rfe8 18. Re2 Qc7 19. Rae1 Re6 20. Qf4 Rae8 21. Rd1 f6 22. Qg4 Nxe5 23. Nxe5 Rxe5 24. Red2 Re1+ 0-1

[Event "Budapest Vezerkepzo FM 5th"]
[Site "Budapest"]
[Date "2021.05.27"]
[Round "6.1"]
[White "Farkas, Otto Jr"]
[Black "Farago, Sandor"]
[Result "1-0"]
[WhiteElo "1981"]
[BlackElo "2149"]
[PlyCount "103"]
[EventDate "2021.05.22"]
[EventType "schev"]
[EventRounds "10"]
[EventCountry "HUN"]
[SourceTitle "EXT 2022"]
[Source "ChessBase"]
[SourceDate "2021.10.06"]
[SourceVersion "1"]
[SourceVersionDate "2021.10.06"]
[SourceQuality "1"]
[WhiteTeam "Youth"]
[BlackTeam "Adults"]
[WhiteTeamCountry "HUN"]
[BlackTeamCountry "HUN"]

1. e4 c5 2. Nf3 d6 3. d4 cxd4 4. Nxd4 Nf6 5. Nc3 a6 6. f3 e5 7. Nb3 Be6 8. Be3 Be7 9. Qd2 Nbd7 10. 0-0-0 Qc7 11. Kb1 Rc8 12. g4 h6 13. h4 Nb6 14. Qg2 g6 15. Qf2 Nfd7 16. Nd5 Bxd5 17. exd5 Nc4 18. Bxc4 Qxc4 19. Rd3 Qb5 20. f4 a5 21. Nd2 a4 22. a3 h5 23. g5 0-0 24. f5 Qa6 25. Ne4 Rc4 26. Nf6+ Bxf6 27. gxf6 Nxf6 28. fxg6 fxg6 29. Bh6 Rf7 30. Rf1 Rcc7 31. Rf3 Ng4 32. Qg2 Rxf3 33. Rxf3 Qc4 34. Rc3 Qxc3 35. bxc3 Rxc3 36. Bd2 Rc7 37. Qe4 Kg7 38. Qxa4 Nf6 39. Qb4 Rd7 40. Qb5 Rf7 41. Qb6 Ne4 42. Bb4 Rd7 43. c4 Kh7 44. Kc2 Rf7 45. Bxd6 g5 46. hxg5 Nxg5 47. Bxe5 h4 48. Qd4 h3 49. Qg4 Rf2+ 50. Kb3 Kg6 51. Bf4 Rg2 52. Qh4 1-0

[Event "Budapest Vezerkepzo FM 5th"]
[Site "Budapest"]
[Date "2021.05.25"]
[Round "4.1"]
[White "Lehocz, Jozsef"]
[Black "Farkas, Otto Jr"]
[Result "1/2-1/2"]
[WhiteElo "1940"]
[BlackElo "1981"]
[PlyCount "74"]
[EventDate "2021.05.22"]
[EventType "schev"]
[EventRounds "10"]
[EventCountry "HUN"]
[SourceTitle "EXT 2022"]
[Source "ChessBase"]
[SourceDate "2021.10.06"]
[SourceVersion "1"]
[SourceVersionDate "2021.10.06"]
[SourceQuality "1"]
[WhiteTeam "Adults"]
[BlackTeam "Youth"]
[WhiteTeamCountry "HUN"]
[BlackTeamCountry "HUN"]

1. e4 Nf6 2. e5 Nd5 3. c4 Nb6 4. c5 Nd5 5. Bc4 e6 6. d4 d6 7. cxd6 cxd6 8. Nf3 Nc6 9. 0-0 Be7 10. Bd2 dxe5 11. dxe5 Qc7 12. Qe2 0-0 13. Nc3 Rd8 14. Rac1 a6 15. Qe4 Nxc3 16. Bxc3 b5 17. Bd3 g6 18. h4 Bb7 19. Bb1 Qb6 20. h5 b4 21. hxg6 hxg6 22. Qg4 Kg7 23. Ng5 Rd4 24. Nxe6+ fxe6 25. Bxd4 Nxd4 26. Qxg6+ Kf8 27. Rfd1 Bc5 28. Qf6+ Ke8 29. Bg6+ Kd7 30. Rxd4+ Bd5 31. Rh4 Kc6 32. Be4 Kb5 33. Bxd5 Rf8 34. Rxb4+ Bxb4 35. Bc4+ Ka5 36. Qh4 Rxf2 37. Kh1 Rxb2 1/2-1/2

[Event "Budapest FS11 Nadassy"]
[Site "Budapest"]
[Date "2020.11.11"]
[Round "5.2"]
[White "Pakh, Alex"]
[Black "Farkas, Otto Jr"]
[Result "1/2-1/2"]
[WhiteElo "1824"]
[BlackElo "2018"]
[PlyCount "59"]
[EventDate "2020.11.07"]
[EventType "team-schev"]
[EventRounds "12"]
[EventCountry "HUN"]
[SourceTitle "CBM 199 Extra"]
[Source "ChessBase"]
[SourceDate "2021.01.31"]
[SourceVersion "1"]
[SourceVersionDate "2021.01.31"]
[SourceQuality "1"]
[WhiteTeam "Team 2"]
[BlackTeam "Team 1"]
[WhiteTeamCountry "HUN"]
[BlackTeamCountry "HUN"]

1. d4 d5 2. c4 dxc4 3. e3 Nf6 4. Bxc4 a6 5. Nf3 b5 6. Bd3 e6 7. 0-0 Bb7 8. Nbd2 Nbd7 9. a4 b4 10. Re1 c5 11. e4 cxd4 12. e5 Nd5 13. Nc4 Be7 14. Nfd2 0-0 15. Ne4 f5 16. Ned6 Bc6 17. f4 N5b6 18. Bf1 Bd5 19. Qxd4 Nxc4 20. Bxc4 Nb6 21. Bxd5 Nxd5 22. b3 Qc7 23. Kh1 Qc2 24. Bb2 a5 25. Rec1 Qxb3 26. Rcb1 Qc2 27. Rc1 Qb3 28. Rcb1 Qc2 29. Rc1 Qb3 30. Rcb1 1/2-1/2

[Event "HUN-ch U14"]
[Site "Budapest"]
[Date "2020.10.30"]
[Round "9"]
[White "Farkas, Otto Jr"]
[Black "Pasztor, Balazs"]
[Result "0-1"]
[WhiteElo "2079"]
[BlackElo "2201"]
[PlyCount "58"]
[EventDate "2020.10.24"]
[EventType "tourn"]
[EventRounds "9"]
[EventCountry "HUN"]
[SourceTitle "CBM 199 Extra"]
[Source "ChessBase"]
[SourceDate "2021.01.31"]
[SourceVersion "1"]
[SourceVersionDate "2021.01.31"]
[SourceQuality "1"]

1. e4 c5 2. Nf3 d6 3. d4 cxd4 4. Nxd4 Nf6 5. Nc3 a6 6. f3 e5 7. Nb3 Be6 8. Be3 h5 9. Qd2 Nbd7 10. 0-0-0 Be7 11. Kb1 Rc8 12. g3 b5 13. Nd5 Bxd5 14. exd5 Nb6 15. Bh3 Nc4 16. Qe2 Rc7 17. Bf2 Qa8 18. Qd3 0-0 19. Nd2 a5 20. f4 exf4 21. gxf4 Nxd5 22. Nxc4 Nxf4 23. Qg3 Rxc4 24. Rhg1 Bf6 25. Bf1 h4 26. Qg4 Rb4 27. c3 Qe4+ 28. Ka1 Rxb2 29. Kxb2 Qb4+ 0-1

[Event "HUN-ch U14"]
[Site "Budapest"]
[Date "2020.10.29"]
[Round "8"]
[White "Bacsi, Kristof"]
[Black "Farkas, Otto Jr"]
[Result "0-1"]
[WhiteElo "1949"]
[BlackElo "2079"]
[PlyCount "62"]
[EventDate "2020.10.24"]
[EventType "tourn"]
[EventRounds "9"]
[EventCountry "HUN"]
[SourceTitle "CBM 199 Extra"]
[Source "ChessBase"]
[SourceDate "2021.01.31"]
[SourceVersion "1"]
[SourceVersionDate "2021.01.31"]
[SourceQuality "1"]

1. d4 d5 2. Nf3 Nf6 3. c4 dxc4 4. e3 a6 5. Bxc4 e6 6. 0-0 b5 7. Be2 Bb7 8. b3 Nbd7 9. Bb2 c5 10. dxc5 Bxc5 11. a4 b4 12. Nbd2 0-0 13. Nc4 Nd5 14. Rc1 Rc8 15. Nfe5 Nxe5 16. Nxe5 Qg5 17. Nf3 Qh6 18. Rc4 Be7 19. Rxc8 Rxc8 20. Bc4 Rd8 21. Qe2 Bd6 22. h3 a5 23. Rd1 g5 24. Ne5 Nc3 25. Bxc3 bxc3 26. Nf3 Qf6 27. Nd4 Qe5 28. f4 gxf4 29. exf4 Qxe2 30. Bxe2 Bc5 31. Rc1 Rxd4 0-1

[Event "HUN-ch U14"]
[Site "Budapest"]
[Date "2020.10.24"]
[Round "1"]
[White "Tran, David"]
[Black "Farkas, Otto Jr"]
[Result "1/2-1/2"]
[WhiteElo "2130"]
[BlackElo "2079"]
[PlyCount "113"]
[EventDate "2020.10.24"]
[EventType "tourn"]
[EventRounds "9"]
[EventCountry "HUN"]
[SourceTitle "CBM 199 Extra"]
[Source "ChessBase"]
[SourceDate "2021.01.31"]
[SourceVersion "1"]
[SourceVersionDate "2021.01.31"]
[SourceQuality "1"]

1. e4 c5 2. Nc3 e6 3. g3 Nc6 4. Bg2 Nf6 5. Nf3 d5 6. exd5 exd5 7. d4 Bg4 8. dxc5 d4 9. Qe2+ Be7 10. Ne4 0-0 11. 0-0 Ne5 12. h3 Nxf3+ 13. Bxf3 Bxh3 14. Re1 Bf5 15. Nxf6+ Bxf6 16. Bxb7 Rb8 17. c6 Bc8 18. Bxc8 Qxc8 19. c7 Rb6 20. Bf4 g5 21. Be5 Re8 22. f4 Bxe5 23. fxe5 Qxc7 24. b3 Rbe6 25. Qc4 Qb6 26. Qd3 Rxe5 27. Rxe5 Rxe5 28. Rd1 Qd6 29. c3 Ra5 30. a4 Ra6 31. cxd4 Rb6 32. Re1 Rb4 33. d5 Qc5+ 34. Kg2 Rd4 35. Qf5 Qxd5+ 36. Qxd5 Rxd5 37. Re7 a5 38. Rb7 Kg7 39. Rb5 Rd3 40. Rxg5+ Kf6 41. Rxa5 Rxb3 42. Ra7 Ra3 43. a5 Kg6 44. a6 Kf6 45. Ra8 Kg7 46. Kh3 Ra4 47. Kg2 Ra3 48. Kf2 Kf6 49. a7 Ke7 50. Ke2 Kf6 51. Kd2 Kg7 52. Kc2 Kf6 53. Kb2 Ra4 54. Kb3 Ra1 55. Kc4 Kg7 56. Kd5 Rd1+ 57. Ke5 1/2-1/2

[Event "Budapest FS10 Nadassy"]
[Site "Budapest"]
[Date "2020.10.12"]
[Round "9.2"]
[White "Poor, Sandor"]
[Black "Farkas, Otto Jr"]
[Result "0-1"]
[WhiteElo "2007"]
[BlackElo "2079"]
[PlyCount "80"]
[EventDate "2020.10.03"]
[EventType "team-schev"]
[EventRounds "12"]
[EventCountry "HUN"]
[SourceTitle "EXT 2022"]
[Source "ChessBase"]
[SourceDate "2021.10.06"]
[SourceVersion "1"]
[SourceVersionDate "2021.10.06"]
[SourceQuality "1"]
[WhiteTeam "Team 1"]
[BlackTeam "Team 2"]
[WhiteTeamCountry "HUN"]
[BlackTeamCountry "HUN"]

1. d4 d5 2. c4 dxc4 3. e3 Nf6 4. Bxc4 a6 5. Nf3 b5 6. Bd3 e6 7. 0-0 Bb7 8. a4 b4 9. b3 Nbd7 10. Bb2 c5 11. Nbd2 Be7 12. Qe2 0-0 13. Rac1 Qb8 14. Nc4 cxd4 15. Bxd4 Ng4 16. Ncd2 e5 17. Bb2 Nc5 18. Rxc5 Bxc5 19. h3 Nf6 20. Bxe5 Qd8 21. Rd1 Qe7 22. Bxf6 Qxf6 23. Be4 Bxe4 24. Nxe4 Qe7 25. Qc2 Rac8 26. Nxc5 Rxc5 27. Qe2 a5 28. Nd4 f5 29. g3 Rf6 30. Qf3 Qe4 31. h4 Rd6 32. Kg2 Rc3 33. Qxe4 fxe4 34. Rb1 Rd5 35. Kf1 Kf7 36. Ke2 Kf6 37. Rb2 Ke5 38. Rd2 h5 39. f4+ exf3+ 40. Kxf3 Rd6 0-1

[Event "HUN-ch rapid"]
[Site "Ajka"]
[Date "2020.07.18"]
[Round "8"]
[White "Varga, Peter"]
[Black "Farkas, Otto Jr"]
[Result "1-0"]
[WhiteElo "2371"]
[BlackElo "1650"]
[PlyCount "64"]
[EventDate "2020.07.17"]
[EventType "swiss (rapid)"]
[EventRounds "13"]
[EventCountry "HUN"]
[SourceTitle "CBM 197 Extra"]
[Source "ChessBase"]
[SourceDate "2020.09.30"]
[SourceVersion "1"]
[SourceVersionDate "2020.09.30"]
[SourceQuality "1"]

1. d4 d5 2. c4 dxc4 3. e4 Nf6 4. e5 Nd5 5. Bxc4 Bf5 6. Ne2 e6 7. 0-0 Bxb1 8. Rxb1 Nc6 9. Bb5 Qd7 10. Qa4 Nb6 11. Qc2 Be7 12. Be3 0-0 13. Rfc1 Qd5 14. a4 Rac8 15. Nf4 Qd7 16. a5 Nd5 17. a6 Ndb4 18. Qa4 bxa6 19. Bxc6 Qd8 20. Bb7 Rb8 21. Bxa6 g5 22. Nh5 Rb6 23. Be2 Qb8 24. Nf6+ Bxf6 25. exf6 Nd5 26. Bxg5 Rxb2 27. Qa1 Rxb1 28. Rxb1 Qd8 29. Bh6 Re8 30. Bb5 Qxf6 31. Bxe8 Qxh6 32. Bc6 Nf4 1-0

[Event "Budapest FS02 Nadassy"]
[Site "Budapest"]
[Date "2020.02.05"]
[Round "5.6"]
[White "Koczo, Kristof"]
[Black "Farkas, Otto Jr"]
[Result "1-0"]
[WhiteElo "2070"]
[BlackElo "1980"]
[PlyCount "129"]
[EventDate "2020.02.01"]
[EventType "team-schev"]
[EventRounds "14"]
[EventCountry "HUN"]
[SourceTitle "CBM 194 Extra"]
[Source "ChessBase"]
[SourceDate "2020.03.31"]
[SourceVersion "1"]
[SourceVersionDate "2020.03.31"]
[SourceQuality "1"]
[WhiteTeam "A Team Higher Elo"]
[BlackTeam "B Team Lower Elo"]
[WhiteTeamCountry "HUN"]
[BlackTeamCountry "HUN"]

1. d4 d5 2. Nf3 Nf6 3. g3 c6 4. Bg2 Bf5 5. Nh4 Bg6 6. Nxg6 hxg6 7. c3 e6 8. Qb3 Qb6 9. Nd2 Nbd7 10. e4 dxe4 11. Nxe4 Nxe4 12. Bxe4 Nf6 13. Bf3 Be7 14. Bg5 Nd5 15. Bxe7 Nxe7 16. Qa3 Qb5 17. Be2 Qd5 18. 0-0-0 Qg2 19. Rdf1 Nf5 20. g4 Ne7 21. c4 Qe4 22. Qe3 Qxe3+ 23. fxe3 f6 24. h4 0-0-0 25. Kc2 Kc7 26. Kc3 a6 27. Rh2 b5 28. Rfh1 c5 29. dxc5 bxc4 30. Bxc4 Nd5+ 31. Bxd5 Rxd5 32. b4 Rhd8 33. Kc4 Re5 34. h5 Rxe3 35. Rh3 Re4+ 36. Kc3 Rxg4 37. h6 gxh6 38. Rxh6 Rg3+ 39. Kc4 e5 40. R1h4 f5 41. Rh7+ Kc8 42. Ra7 g5 43. Ra8+ Kb7 44. Rxd8 gxh4 45. Rh8 Rg4+ 46. Kd5 Rd4+ 47. Kxe5 Rxb4 48. Kd5 Rg4 49. Rh7+ Kc8 50. Rh6 Kb7 51. Rb6+ Ka7 52. Rf6 h3 53. Rh6 Rg3 54. Kc6 Rg2 55. Rxh3 Rxa2 56. Rh7+ Kb8 57. Rb7+ Ka8 58. Rf7 Rg2 59. Rxf5 Rg6+ 60. Kc7 Rg7+ 61. Kb6 Rg8 62. c6 Kb8 63. Rf7 Rh8 64. Rb7+ Ka8 65. Ra7+ 1-0

[Event "Arco op 41st"]
[Site "Arco"]
[Date "2019.10.12"]
[Round "9"]
[White "Astengo, Corrado"]
[Black "Farkas, Otto Jr"]
[Result "1/2-1/2"]
[WhiteElo "2100"]
[BlackElo "1826"]
[PlyCount "60"]
[EventDate "2019.10.04"]
[EventType "swiss"]
[EventRounds "9"]
[EventCountry "ITA"]
[SourceTitle "EXT 2021"]
[Source "ChessBase"]
[SourceDate "2020.10.23"]
[SourceVersion "1"]
[SourceVersionDate "2020.10.23"]
[SourceQuality "1"]

1. e4 c5 2. Nf3 e6 3. d4 cxd4 4. Nxd4 Nf6 5. Nc3 Nc6 6. Ndb5 d6 7. Bf4 e5 8. Bg5 a6 9. Na3 b5 10. Bxf6 gxf6 11. Nd5 Bg7 12. c3 f5 13. exf5 Bxf5 14. Nc2 0-0 15. Nce3 Bd7 16. Bd3 f5 17. 0-0 e4 18. Bc2 Ne5 19. Nf4 Qg5 20. Ned5 Kh8 21. Qh5 Qxh5 22. Nxh5 Bc6 23. Rad1 Ra7 24. Nb4 Rd8 25. Nxg7 Rxg7 26. Nxc6 Nxc6 27. Rd5 Ne7 28. Rd4 Nc6 29. Rd5 Ne7 30. Rd4 Nc6 1/2-1/2

[Event "Arco op 41st"]
[Site "Arco"]
[Date "2019.10.11"]
[Round "8"]
[White "Farkas, Otto Jr"]
[Black "Battistella, Stefano"]
[Result "1/2-1/2"]
[WhiteElo "1826"]
[BlackElo "2017"]
[PlyCount "72"]
[EventDate "2019.10.04"]
[EventType "swiss"]
[EventRounds "9"]
[EventCountry "ITA"]
[SourceTitle "EXT 2020"]
[Source "ChessBase"]
[SourceDate "2019.10.17"]
[SourceVersion "1"]
[SourceVersionDate "2019.10.17"]
[SourceQuality "1"]

1. e4 g6 2. d4 Bg7 3. c4 d6 4. Nc3 Nf6 5. f3 0-0 6. Be3 Nc6 7. Qd2 a6 8. 0-0-0 Rb8 9. Kb1 Re8 10. g4 e5 11. d5 Nd4 12. Bxd4 exd4 13. Nce2 Bxg4 14. Nxd4 Nxe4 15. fxe4 Bxd1 16. Qxd1 Rxe4 17. Ngf3 Qf6 18. Bh3 Rxd4 19. Nxd4 Qxd4 20. Qxd4 Bxd4 21. Bd7 Rd8 22. Ba4 f5 23. Rd1 Be3 24. Kc2 Kg7 25. Kd3 f4 26. Ke4 Kf6 27. Kf3 g5 28. h3 h5 29. Rf1 Ke7 30. Bc2 Kf6 31. Ba4 Ke5 32. Rd1 Rg8 33. Bd7 Rg7 34. Be6 c5 35. b3 b5 36. cxb5 axb5 1/2-1/2

[Event "EU-ch U14"]
[Site "Bratislava"]
[Date "2019.08.10"]
[Round "9"]
[White "Compel, Daniel"]
[Black "Farkas, Otto Jr"]
[Result "1-0"]
[WhiteElo "1739"]
[BlackElo "1916"]
[PlyCount "37"]
[EventDate "2019.08.02"]
[EventType "swiss"]
[EventRounds "9"]
[EventCountry "SVK"]
[SourceTitle "EXT 2020"]
[Source "ChessBase"]
[SourceDate "2019.10.17"]
[SourceVersion "1"]
[SourceVersionDate "2019.10.17"]
[SourceQuality "1"]

1. e4 Nf6 2. e5 Nd5 3. c4 Nb6 4. c5 Nd5 5. Nc3 Nxc3 6. dxc3 e6 7. Bf4 g5 8. Be3 Nc6 9. Qh5 Be7 10. Nf3 h6 11. h4 gxh4 12. Nxh4 Bxh4 13. Rxh4 Qe7 14. Bg5 Qxc5 15. Bf6 Rg8 16. Qxh6 b6 17. Qh7 Qf8 18. 0-0-0 Bb7 19. Qd3 1-0